=LDR 00000nam 2200000 4500 =001 INLIS000000000810146 =005 20251028092846 =035 ##$$a 0010-1025000129 =007 ta =008 251028###########################0###### =020 ##$$a 9789791661225 =082 ##$$a 297.35 =084 ##$$a 297.35 JAW i =245 ##$$a I'tikaf : $b Berdasarkan Al Qur an dan As sunah yang Shahih /$c Yazid bin Abdul Qadir Jawaz =260 ##$$a Bogor :$b Pustaka At taqwa